African Landlocked Countries on a Map - Statistics

General Stats
  • This quiz has been taken 1,224 times
  • The average score is 15 of 16
Answers on the Map
Answers color-coded by a green-red scale on the quiz's map according to % correct below.
 
Answer Stats
Answer % Correct
Ethiopia
96%
Central African Republic
95%
Chad
95%
Mali
95%
Burkina Faso
94%
Lesotho
94%
South Sudan
94%
Eswatini
93%
Malawi
92%
Niger
92%
Uganda
92%
Botswana
91%
Rwanda
90%
Zambia
89%
Burundi
87%
Zimbabwe
87%
No matching quizzes found
Score Distribution
Percent of People with Each Score
Percentile by Number Answered
Your Score History
You have not taken this quiz